000 00341nam a22001457a 4500
008 230616b ||||| |||| 00| 0 eng d
020 _a978316749842
041 _aeng
080 _a616.53
082 _a616.53ROB
100 _a15
101 _aPED
245 _aMANUAL OF CLINICAL PROBLEMS IN PEDIATRICS
_cROBERTS .B.K
942 _2udc
_cBK
999 _c60005
_d60005